Acteurs français ayant totalisés le plus d'entrées en france - Statistiques

Statistiques générales
  • Ce quiz a été pris 117 fois
  • Le résultat moyen est 6 sur 15
Statistiques - réponses
Années d'activités Réponse % Correct
1946-1982 Louis de Funes
85%
1945-1970 Bourvil
69%
Depuis 1970 Gérard Depardieu
67%
1957-2008 Jean-Paul belmondo
59%
Depuis 1957 Alain Delon
52%
1931-1970 Fernandel
49%
1930-1976 Jean Gabin
49%
Depuis 1973 Christian Clavier
46%
1954-1987 Lino Ventura
34%
1949-2016 Michel Galabru
29%
1954-2007 Michel Serrault
23%
1949-2007 Philippe Noiret
15%
1934-1996 Jean Marais
13%
1943-2015 Michel Piccoli
8%
Depuis 1973 Thierry Lhermite
6%
Aucun quiz correspondant
Distribution des résultats
% des personnes avec chaque résultat
Percentile par nombre de réponses
Votre historique - résultats
Vous n’avez pas pris ce quiz